00654nam a2200229Ia 4500003000400000005001700004008004100021020001800062040001800080041000800098082002200106100002100128245010700149250001200256260003500268300002400303650001900327650002100346650001200367650002600379700001900405OSt20220914114407.0210716s2012 xx 000 0 und d a9788132204961 cAIMIT LIBRARY aeng a621.367 21bBURW aBurger, Wilhelm. aPrinciples of digital image processing: bfundamental techniques /cBy Wilhelm Burger and Mark J Burge a1st ed. aNew Delhi :bSpringer ,c2012. axiv,260p. ;c24 cm. aDigital images aPoint operations aFilters aMathematical notation aBurge, Mark J.